| 000 | 00661nam a22001937a 4500 | ||
|---|---|---|---|
| 005 | 20100726114756.0 | ||
| 010 | _aENG-96844 | ||
| 020 |
_a9788190693271 _c200.00 |
||
| 035 | _aEN-80377 | ||
| 037 | _bDBAD/PUB | ||
| 082 | _a485 | ||
| 100 |
_aSharma, Pavitra Kumar _92332 |
||
| 245 |
_aEnglish-hindi grammar / _cby Pavitra Kumar Sharma |
||
| 260 |
_aNew Delhi _bAkash Ganga Prakashan _c2009 |
||
| 270 |
_a4760-61, 23, Ansari Road, Daryaganj, New Delhi-110002 _bNew Delhi |
||
| 300 |
_a133p. _c22cm (Hb) |
||
| 942 |
_2ddc _cEN _h485 _mSHA |
||
| 999 |
_c37650 _d37650 |
||